00489nam a2200157Ia 4500003000900000008004100009020002200050040001600072080001600088245008300104260004800187300001400235650003700249700002400286700002100310IN-BaIIA211028s9999 xx 000 0 eng d a978-0-521-89935-2 cIIA Library a(03)52bPAT 0aPatrick Moore's data book of astronomycedited by Patrick Moore and Robin Ress aCambridgebCambridge University Pressc2011 aix, 576p. aAstronomy-Handbooks, manual etc. aMoore, Patrick, ed. aRess, Robin, ed.